01761nam a2200385Ia 4500001001200000003000800012006001900020007001500039008004100054020001800095020002200113040002100135035002000156050002600176082002100202100004700223245028400270250002600554260005700580300001100637504005100648533015200699650004500851650003300896650005200929650004900981650003901030650004801069650004701117650002201164655002901186710001701215856012601232999001701358ebr10082291CaPaEBRm u cr cn|||||||||040421s2004 pau sb 001 0 eng d z9781846420368 z1843107589 (pbk.) aCaPaEBRcCaPaEBR a(OCoLC)8437575814aRJ496.L35bM33 2004eb04a618.92/855062221 aMacDonald, James D.q(James David),d1940-10aCommunicating partnersh[electronic resource] :b30 years of building responsive relationships with late-talking children including autism, Asperger's syndrome (ASD), Down syndrome, and typical development developmental guides for professionals and parents /cJames D. MacDonald. a1st American pbk. ed. aPhiladelphia :bJessica Kingsley Publishers,cc2004. a336 p. aIncludes bibliographical references and index. aElectronic reproduction.bPalo Alto, Calif. :cebrary,d2009.nAvailable via World Wide Web.nAccess may be limited to ebrary affiliated libraries. 0aAsperger's syndromexPatientsxLanguage. 0aAutistic childrenxLanguage. 0aCommunicative disorders in childrenxTreatment. 0aDevelopmentally disabled childrenxLanguage. 0aDown syndromexPatientsxLanguage. 0aLanguage acquisitionxParent participation. 0aLanguage disorders in childrenxTreatment. 0aParent and child. 7aElectronic books.2local2 aebrary, Inc.40uhttp://site.ebrary.com/lib/rucke/Doc?id=10082291zAn electronic book accessible through the World Wide Web; click to view c54647d54647